LDR 01172nam a2200289 4500 001 000000367090 003 CaOOAMICUS 005 20260402161008.0 008 260401s2026 it a 000 u ita r 020 $a978-88-04-78058-8 040 $aSeMil$bita 100 1 $aRegolo, Luciano,$d<1966- >.$0(OLS)http://semarc/name/112733 245 10$aNatuzza Evolo :$bil miracolo di una vita /$cLuciano Regolo. 250 $a14. rist. 264 1$aMilano :$bMondadori,$c2026. 300 $a452 p., [23] p. di tav. :$bill. ;$c20 cm 490 1 $aOscar bestsellers 600 14$aEvolo, Fortunata
.$0(OLS)http://semarc/subject/56518 830 0$aOscar bestsellers.$0(OLS)http://semarc/title/6833 850 $aSeMil 852 $aSeMil$W1$xVenegono$y1$m3J III 449$j269694$B257820$CSeMilBibl$Z2$F257820 $81 941 1 $a7 961 $aOmaggio mons. Mario Delpini 996 $6020$a978-88-04-78058-8$9(OLS)http://semarc/number/305598 996 $6245$aNatuzza Evolo :$bil miracolo di una vita$9(OLS)http://semarc/title/458940 996 $6264$aMilano :$bMondadori$9(OLS)http://semarc/publisher/30335